| 000 | 00531cam a2200193ua 4500 | ||
|---|---|---|---|
| 020 | _c125.00 | ||
| 041 |
_aeng _h |
||
| 082 |
_a631.586 _bRAN/DR |
||
| 100 | _aRangaswamy, P . | ||
| 245 |
_aDry farming technology in India: study of its profitability in selected areas / _cP Rangaswamy. _hTextual Documents |
||
| 250 |
_a1 / _b. |
||
| 260 |
_aNew Delhi : _bAgricole Publishing Academy , _c1982. |
||
| 300 | _a212 ; . | ||
| 365 | _a125.00 | ||
| 504 | _a | ||
| 942 | _cBK | ||
| 999 |
_c2695 _d2695 |
||